000 02538nam a22001697a 4500
005 20240724134808.0
008 230714b ||||| |||| 00| 0 eng d
020 _a9789988247168
050 _aKRX13.Op5(2e)
245 _aContemporary trends in he law of immovable property in Ghana /
_cYaw O. Oppong.-
250 _a2nd ed.
260 _aAccra
_bBlak Mask Ltd,
_c2021.
300 _aLxxxiv;
_b1060p.:
_c25cm.
500 _aIncludes index
505 _aContents: Introduction -- Chapter One: Legal system aspect -- Section A -- The evolution of customary law / legal system in Ghana -- Entrenchment of english governance/legal system in the Gold Coast -- Interests held in land in Ghana under customary law -- Ownership of land -- The concept of ownership of the 'allodial land' in relation to the stool -- The freehold interest -- Chapter Two: Constitutional law aspect -- The constitution, 1992 and is effect on freehold interest -- Acquisition and ownership of land by non-citizens -- The extent of the consequence for non-compliance -- The doctrine of eminent domain under he constitution -- Necessity for management an administration -- Chapter Three: Contract law aspect -- Essentials of a valid contract -- Modes of conveyance and disposition of interests in land -- Customary tenancy -- Leases -- Tenancy under statute -- Extinguishment of of interests in immovable property by operation of statute -- Chapter Four: Family law aspect -- Property rights of spouses -- Family land an related matters -- Chapter Five: Fiscal aspect -- Revenue derived from disposition and acquisition of interest in land in ghana -- Tax avoidance -- Tax evasion -- Chapter Six: Equity and succession aspect -- Classification of trust -- The concept of trust under customary law -- Trust in relation to a company -- The twin concept of advancement / resulting trust distinguished -- Mortgages / securities/charges -- Succession perspective -- Principles for construction of wills -- Customary law will ("Samansiw") -- Validity of a will -- Electronic wills -- Part V: Revocation of will -- Part VI: Some relevant legal principles in the administration of estates -- Criminal law aspect -- Practical aspect: miscellany-at-law -- Part I: Enforcement proceedings -- Part II: Divergent notions on the nature and essence of counterclaim -- Part III: Granting a relief not sought- a recurrent conundrum -- Part IV: Guiding principles for the grant of certiorari - a focus on land litigation -- Epilogue.
942 _2lcc
_cBK
_e2nd ed.
_hKRX13.Op5(2e)
999 _c9936
_d17436